000 00607 a2200181 4500
999 _c5051
_d5051
020 _a9780393930818
050 0 0 _aMT 6 CLE 2011
100 1 _aClendinning, Jane Piper
_eauthor
245 1 4 _aThe musician's guide to theory and analysis /
_cJane Piper Clendinning and Elizabeth West Marvin
250 _a2nd ed.
264 _aU.S.A.:
_bNorton and Company,
_c2011
300 _a839p.:
_bill., music ;
500 _aIncludes bibliographical references and index
650 0 _aMusic theory.
650 0 _aMusical analysis.
700 1 _aMarvin, Elizabeth West
_eauthor
942 _2lcc
_cBK
_e2nd ed.
_h6
_iCLE
_kMT